000 00553nam a22001697a 4500
999 _c8989
_d8989
008 210309b ||||| |||| 00| 0 eng d
040 _aBMS College of Architecture
100 _aMadhusudhana, Hansa
245 _aDE - Addiction and rehabilitation centre for Drugs and Alcohol
300 _a50p.
500 _a1BM09AT016
502 _8B.Arch
_NBMS College of Architecture, Visvesvaraya Technological University (VTU)
_aProject report
_d2013
650 _aNA
700 _aAjaichandran C K
_eGuide
700 _aBhagyalaxmi M
_eGuide
942 _2ddc
_cTHE